my APC diary 2006 (Record no. 85442)

MARC details
000 -LEADER
fixed length control field 00768cam a2200229 4500
001 - CONTROL NUMBER
control field L136381
008 - FIXED-LENGTH DATA ELEMENTS--GENERAL INFORMATION
fixed length control field 070130n2006 000 0 eng u
035 ## - SYSTEM CONTROL NUMBER
System control number (Sirsi) u136381
041 0# - LANGUAGE CODE
Language code of text/sound track or separate title eng
050 04 - LIBRARY OF CONGRESS CALL NUMBER
Classification number 333.3307 $2 18
100 1# - MAIN ENTRY--PERSONAL NAME
Personal name Lever, Jon
240 00 - UNIFORM TITLE
Uniform title myAPCdiary 2006
245 00 - TITLE STATEMENT
Title my APC diary 2006
Remainder of title for APC and ATC candidates
Medium [electronic resource]
260 ## - PUBLICATION, DISTRIBUTION, ETC.
Place of publication, distribution, etc. Bedford
Name of publisher, distributor, etc. DeLever
Date of publication, distribution, etc. 2006
300 ## - PHYSICAL DESCRIPTION
Extent 1 CD-ROM
Accompanying material +1 wallchart
520 ## - SUMMARY, ETC.
Summary, etc. This CD-ROM provides candidates for the 2006 APC and ATC an electronic log book as well as enabling them to deliver reports in RICS template format.
520 ## - SUMMARY, ETC.
Summary, etc. Accompanied by "APC timeline wallchart"
651 #4 - SUBJECT ADDED ENTRY--GEOGRAPHIC NAME
Geographic name International
690 ## - LOCAL SUBJECT ADDED ENTRY--TOPICAL TERM (OCLC, RLIN)
Topical term or geographic name as entry element CAREERS, EDUCATION AND TRAINING
942 ## - ADDED ENTRY ELEMENTS (KOHA)
Suppress in OPAC 0
Holdings
Withdrawn status Lost status Source of classification or shelving scheme Damaged status Not for loan Home library Current library Shelving location Date acquired Cost, normal purchase price Total Checkouts Full call number Barcode Date last seen Copy number Cost, replacement price Price effective from Koha item type
    Other/Generic Classification Scheme     London London Enquiry desk 30/01/2007 146.88   ENQUIRY DESK 30070098 06/08/2019 1 146.88 06/08/2019 Reference material